Statistics for New York City Geography by Map

Click here to take the quiz!

General Stats

  • This quiz has been taken 1,987 times
  • The average score is 8 of 15

Answers on the Map

Answers color-coded by a green-red scale on the quiz's map according to % correct below.
 

Answer Stats

Feature% Correct
Central Park
95%
Empire State Building
89%
Brooklyn Bridge
82%
Freedom Tower
69%
Harlem
66%
Broadway
64%
Manhattan Bridge
58%
Chrysler Building
53%
Wall Street
52%
Chinatown
39%
Greenwich Village
38%
Lincoln Tunnel
37%
Little Italy
35%
Williamsburg Bridge
25%
Rockefeller Center
19%

Score Distribution

Percentile by Number Answered

Percent of People with Each Score

Your Score History

You have not taken this quiz